000 00533nam a2200169Ia 4500
999 _c21055
_d21055
003 OSt
005 20200608144624.0
008 190216s9999||||xx |||||||||||||| ||und||
020 _a9780415329361
040 _coclc
082 _a327.101
_bCHO/P
100 _aChowdhry, Geeta
_92640
245 0 _aPower Post Colonialism And International Relations /
_cGeeta Chowdhry ; Sheila Nair
260 _bRoutledge & Kegan Paul,
_aLondon:
_c2002.
300 _a324p
942 _cBK
_2ddc
_h327.101
_iCHO/P
_k327.101
_mCHO/P